Biggest Coastal Cities in North America - Statistics

General Stats
  • This quiz has been taken 363 times
  • The average score is 14 of 20
Answer Stats
Population City % Correct
22.2 mil New York
99%
17.7 mil Los Angeles
98%
6.20 mil Miami
96%
7.70 mil San Francisco
94%
7.55 mil Boston
91%
4.18 mil Seattle
89%
3.30 mil San Diego
88%
6.35 mil Houston
78%
2.53 mil Vancouver
74%
4.15 mil Tampa
72%
1.36 mil Jacksonville
65%
7.35 mil Philadelphia
65%
8.40 mil Washington
62%
2.23 mil Havana
61%
1.49 mil Panama City
50%
2.90 mil Port-au-Prince
50%
3.75 mil Santo Domingo
50%
1.61 mil Virginia Beach
44%
1.90 mil Tijuana
40%
2.10 mil San Juan
38%
No matching quizzes found
Score Distribution
Percent of People with Each Score
Percentile by Number Answered
Your Score History
You have not taken this quiz